| 000 | 00396nam a2200157 4500 | ||
|---|---|---|---|
| 005 | 20260519133801.0 | ||
| 008 | 260430b |||||||| |||| 00| 0 eng d | ||
| 020 | _a9781853595974 | ||
| 082 |
_a428.0071 _bELA-I |
||
| 100 | _aElaine Mellen Day | ||
| 245 | _aIdentity And The Young English Learner | ||
| 260 |
_aUK _bLibrary Of Congress |
||
| 300 | _a133p | ||
| 650 | _aEnglish | ||
| 942 | _cBK | ||
| 999 |
_c47451 _d47451 |
||